Cities With Sports Colors - Statistics

General Stats
  • This quiz has been taken 57 times
  • The average score is 20 of 39
Answer Stats
Color(s) City % Correct
Black and Yellow Pittsburgh
95%
Orange and Teal Miami
88%
Steelers
88%
Blue and Orange New York
84%
Dolphins
81%
Penguins
81%
Pirates
79%
Maroon/Brown Cleveland
67%
Blue and Green Seattle
67%
Islanders
65%
Mariners
65%
Marlins
65%
Seahawks
65%
Blue and Silver Dallas
63%
Browns
60%
Cowboys
58%
Mets
58%
Knicks
56%
Giants
53%
Cavaliers
51%
Red, White, and Blue Washington, D.C.
51%
Indians
44%
Mavericks
42%
Nationals
42%
Stars
42%
Gold New Orleans/Baton Rouge
40%
Saints
40%
Capitals
37%
Pelicans
33%
Wizards
30%
Scarlett Red Atlanta
28%
Braves
28%
Falcons
28%
Hurricanes
28%
Hawks
21%
LSU Tigers
16%
Blue Jays
9%
Light Blue, Dark Blue Toronto
9%
Maple Leafs
7%
No matching quizzes found
Score Distribution
Percent of People with Each Score
Percentile by Number Answered
Your Score History
You have not taken this quiz